Khẩu ngữ tiếng Lào

Na minha lista:
Detalhes bibliográficos
Autor principal: Bình Minh
Formato: Livro
Idioma:Undetermined
Publicado em: Hồng Bàng 2013
Assuntos:
Tags: Adicionar Tag
Sem tags, seja o primeiro a adicionar uma tag!
Thư viện lưu trữ: Trung tâm Học liệu Trường Đại học Cần Thơ
LEADER 00438nam a2200169Ia 4500
001 CTU_194992
008 210402s9999 xx 000 0 und d
020 |c 40000 
082 |a 495.9191 
082 |b B312 
100 |a Bình Minh 
245 0 |a Khẩu ngữ tiếng Lào 
245 0 |c Bình Minh 
260 |b Hồng Bàng 
260 |c 2013 
650 |a mbh,hj,b , 
980 |a Trung tâm Học liệu Trường Đại học Cần Thơ